| 000 | 00866nam a2200277Ia 4500 | ||
|---|---|---|---|
| 008 | 160803s9999 xx 000 0 und d | ||
| 020 | _a 978-1426308659 | ||
| 100 | _aSloan, Christopher | ||
| 245 | _aBaby mammoth mummy : | ||
| 245 | _cby Christopher Sloan ; with the generous cooperation of Bernard Buigues ; photography by Francis Latreille. | ||
| 260 | _aNew York : | ||
| 260 | _bScholastic Inc. | ||
| 260 | _c2011 | ||
| 300 | _a48 pages : | ||
| 300 | _bcolor illustrations, color maps ; | ||
| 300 | _c28 cm. | ||
| 650 | _aMammoths -- | ||
| 650 | _aMammoths -- Russia (Federation) -- Siberia -- | ||
| 650 | _aPaleontology -- | ||
| 650 | _aPaleontology -- Pleistocene -- | ||
| 650 | _xJuvenile literature. | ||
| 650 | _xJuvenile literature. | ||
| 650 | _xPleistocene | ||
| 650 | _xRussia (Federation) --Siberia. | ||
| 700 | _a1120 | ||
| 999 |
_c298327 _d298327 |
||